A quel rappeur américain appartient cette chanson ? - #1 - Statistiques

Statistiques générales
  • Ce quiz a été pris 47 fois
  • Le résultat moyen est 12 sur 20
Statistiques - réponses
Hint Réponse % Correct
Not Like Us Kendrick Lamar
89%
SICKO MODE Travis Scott
86%
The Box Roddy Rich
82%
All Eyez On Me Tupac Shakur
75%
Without Me Eminem
73%
Mask Off Future
73%
Lucid Dreams Juice WRLD
70%
Praise The Lord A$AP Rocky
66%
Big Poppa The Notorious B.I.G
66%
Ransom Lil Tecca
64%
Toosie Slide Drake
57%
The Next Episode Dr. Dre
57%
Redrum 21 Savage
50%
EVIL J0RDAN Playboi Carti
50%
Day N Nite Kid Cudi
48%
I Wonder Kanye West
45%
Earfquake Tyler, The Creator
45%
Ima Boss Rick Ross
36%
Rapp Snitch Knishes MF Doom
30%
Surround Sound JID
23%
Aucun quiz correspondant
Distribution des résultats
% des personnes avec chaque résultat
Percentile par nombre de réponses
Votre historique - résultats
Vous n’avez pas pris ce quiz